Statistiques concernant Pays du Monde sans Voyelles

Cliquez ici pour prendre le quiz!

Statistiques générales

  • Ce quiz a été pris 332 fois
  • Le résultat moyen est 140 sur 196

Statistiques - réponses

Réponse% Correct
Pakistan
100%
Zimbabwe
99%
Bangladesh
93%
Gabon
92%
Kazakhstan
91%
Marshall
90%
Danemark
88%
Liban
88%
Tadjikistan
88%
Croatie
87%
Thaïlande
87%
Maroc
86%
Mozambique
86%
Fidji
85%
Namibie
85%
Portugal
85%
Côte d'Ivoire
83%
Djibouti
83%
République Tchèque
83%
Singapour
83%
Birmanie
82%
Brésil
81%
Saint-Christophe-et-Niévès
81%
Biélorussie
80%
Bolivie
80%
Chili
80%
Japon
80%
Nouvelle-Zélande
80%
Philippines
80%
Pologne
80%
Slovaquie
80%
Slovénie
80%
Tuvalu
80%
Chine
79%
France
79%
Kosovo
79%
Mexique
79%
Chypre
78%
Finlande
78%
Grèce
78%
Hongrie
78%
Jamaïque
78%
Koweït
78%
Lesotho
78%
Luxembourg
78%
Malawi
78%
Mongolie
78%
Niger
78%
Nigeria
78%
Panama
78%
République Démocratique du Congo
78%
République Dominicaine
78%
Russie
78%
Suriname
78%
Taïwan
78%
Turquie
78%
Viêt Nam
78%
Bhoutan
77%
Botswana
77%
Cambodge
77%
Ghana
77%
Honduras
77%
Liechtenstein
77%
Madagascar
77%
Monténégro
77%
Norvège
77%
Roumanie
77%
Rwanda
77%
Serbie
77%
Tanzanie
77%
Tchad
77%
Turkménistan
77%
Venezuela
77%
Zambie
77%
Azerbaïdjan
76%
Bahamas
76%
Belgique
76%
Bosnie-Herzégovine
76%
Bulgarie
76%
Burkina Faso
76%
Dominique
76%
Guatemala
76%
Népal
76%
Nicaragua
76%
Qatar
76%
République Centrafricaine
76%
Seychelles
76%
Sri Lanka
76%
Syrie
76%
Afghanistan
75%
Jordanie
75%
Lettonie
75%
Vatican
75%
Allemagne
74%
Bahreïn
74%
Belize
74%
Colombie
74%
Gambie
74%
Guinée Equatoriale
74%
Kirghizistan
74%
Libye
74%
Lituanie
74%
Moldavie
74%
Bénin
73%
Burundi
73%
Cameroun
73%
Cap-Vert
73%
Costa Rica
73%
Géorgie
73%
Saint-Vincent-et-les Grenadines
73%
Salvador
73%
Sierra Leone
73%
Togo
73%
Comores
72%
Congo
72%
Malte
72%
Ouzbékistan
72%
Saint-Marin
72%
Argentine
71%
Espagne
71%
Kiribati
71%
Liberia
71%
Monaco
71%
Guinée-Bissau
70%
Mali
70%
Sénégal
70%
Suisse
70%
Timor-Oriental
70%
Tonga
70%
Algérie
69%
Laos
69%
Macédoine du Nord
69%
Somalie
69%
Barbade
68%
Canada
68%
Corée du Sud
68%
Haïti
68%
Trinité-et-Tobago
68%
Albanie
67%
Autriche
67%
Papouasie-Nouvelle-Guinée
67%
Vanuatu
67%
Afrique du Sud
66%
Guinée
66%
Islande
66%
Kenya
66%
Maldives
66%
Arménie
65%
Brunei
65%
Corée du Nord
65%
Irlande
65%
Malaisie
65%
Micronésie
65%
Pays-Bas
65%
Sainte-Lucie
65%
Andorre
64%
Eswatini
64%
Inde
64%
Pérou
64%
Soudan
64%
Cuba
63%
Grenade
62%
Sao Tomé-et-Principe
62%
Samoa
61%
Australie
60%
Irak
60%
Mauritanie
60%
Oman
59%
Palaos
59%
Salomon
59%
Angola
58%
Soudan du Sud
58%
Egypte
57%
Equateur
57%
Tunisie
57%
Paraguay
56%
Estonie
55%
Iran
55%
Arabie Saoudite
54%
Ethiopie
54%
Israël
54%
Italie
54%
Erythrée
52%
Nauru
52%
Suède
52%
Antigua-et-Barbuda
51%
Indonésie
51%
Ukraine
51%
Ouganda
50%
Etats-Unis
48%
Yémen
48%
Maurice
46%
Uruguay
45%
Royaume-Uni
40%
Guyana
39%
Emirats Arabes Unis
35%

Distribution des résultats

Percentile par nombre de réponses

% des personnes avec chaque résultat

Votre développement - résultats

Vous n’avez pas pris ce quiz